Блочно-матричный метод математического моделирования поверхностей

Opis bibliograficzny
1. autor: Нартя В. И.
Streszczenie:В работе исследованы и разработаны приёмы системного математического моделирования поверхностей простой и сложной переменной формы классов конгруэнтных сечений или неизменяемых линий, а также аффинно-, и проективно эквивалентных линий каркасов. За основу моделирования принята скалярно-параметрическая блочно-матричная форма представления уравнений поверх-ностей, перспективная в вычислительной компьютерной геомет-при решении задач программного обеспечения как визуали-шщи каркасов средствами машинной графики, так и при обра-гке деталей на металлорежущем оборудовании с ЧПУ.Работа рекомендуется студентам, магистрантам, аспирантам, преподавателям вузов и научным сотрудникам, изучающим воз-ности приложения на практике методов инженерной и ма­шинной графики, начертательной и вычислительной геометрии.
Język:rosyjski
Wydane: Москва, Инфра-Инженерия, 2016
Hasła przedmiotowe:
Format: Książka
KOHA link:https://koha.lib.tpu.ru/cgi-bin/koha/opac-detail.pl?biblionumber=316569

MARC

LEADER 00000nam0a2200000 4500
001 316569
005 20231102002904.0
010 |a 9785972901197 
035 |a (RuTPU)RU\TPU\book\342020 
090 |a 316569 
100 |a 20160324d2016 k y0rusy50 ca 
101 0 |a rus 
102 |a RU 
105 |a a z 001zy 
200 1 |a Блочно-матричный метод математического моделирования поверхностей  |f В. И. Нартя 
210 |a Москва  |c Инфра-Инженерия  |d 2016 
215 |a 236 с.  |c ил. 
320 |a Библиогр.: с. 109-121 
330 |a В работе исследованы и разработаны приёмы системного математического моделирования поверхностей простой и сложной переменной формы классов конгруэнтных сечений или неизменяемых линий, а также аффинно-, и проективно эквивалентных линий каркасов. За основу моделирования принята скалярно-параметрическая блочно-матричная форма представления уравнений поверх-ностей, перспективная в вычислительной компьютерной геомет-при решении задач программного обеспечения как визуали-шщи каркасов средствами машинной графики, так и при обра-гке деталей на металлорежущем оборудовании с ЧПУ.Работа рекомендуется студентам, магистрантам, аспирантам, преподавателям вузов и научным сотрудникам, изучающим воз-ности приложения на практике методов инженерной и ма­шинной графики, начертательной и вычислительной геометрии. 
606 1 |a Поверхности  |x Математическое моделирование  |2 stltpush  |3 (RuTPU)RU\TPU\subj\65759  |9 82160 
610 1 |a блочно-матричный метод 
610 1 |a линии 
610 1 |a проекции 
610 1 |a матричное представление 
610 1 |a непрерывные линейные преобразования 
610 1 |a каркасы 
610 1 |a геометрическое моделирование 
610 1 |a специальные задачи 
610 1 |a решение 
675 |a 514.181.2  |v 4 
700 1 |a Нартя  |b В. И. 
801 1 |a RU  |b 63413507  |c 20160324 
801 2 |a RU  |b 63413507  |c 20160520  |g RCR 
900 |a Математическое моделирование 
942 |c BK 
959 |a 31/20160318  |d 1  |e 1200,00  |f ЧЗТЛ:1